| 000 | 00719nam a2200217 a 4500 | ||
|---|---|---|---|
| 005 | 20220811134535.0 | ||
| 008 | 021202s2002 mx r 000 0 spa d | ||
| 020 | _a9701507827 | ||
| 035 | _aUPN01000121158 | ||
| 049 | _aCG | ||
| 050 | 4 |
_aTA166 _bE7.4 |
|
| 245 | 0 | 0 |
_aErgonomía 4 : _bel trabajo en oficinas / _cPedro R. Mondelo ... [et al.]. |
| 260 |
_aMéxico : _bAlfaomega, _cc2002. |
||
| 300 |
_a328 p. : _bil. + _e1 CD-ROM ; 4 3/4 plg. |
||
| 500 | _aContenido del CD-ROM: Programas Calcilum V.1.0,Ofiterm V.1.0 y Ofisonor V.1.0 | ||
| 500 | _a"Mutua universal" | ||
| 500 | _aEn el lomo del libro aparece el número 782 | ||
| 650 | 4 |
_aErgonomía _912511 |
|
| 700 | 1 |
_aMondelo, Pedro R., _ecoaut. |
|
| 905 | _aLibro | ||
| 999 |
_c93448 _d93448 |
||